[Event "ACP Golden Classic"]
[Site "Bergamo ITA"]
[Date "2014.07.17"]
[Round "5"]
[White "Jobava, Baadur"]
[Black "Almasi, Zoltan"]
[WhiteElo "2713"]
[BlackElo "2693"]
[Result "1-0"]
[PlyCount "113"]
[EventDate "2014.07.12"]

1. e4 e5 2. Nf3 Nc6 3. Bc4 Nf6 4. d3 Bc5 5. c3 O-O 6. O-O d5 7. exd5 Nxd5 8. b4
Be7 9. b5 Na5 10. Bxd5 Qxd5 11. c4 Qd8 12. Bd2 e4 13. Bxa5 exf3 14. Qxf3 a6 15.
a4 axb5 16. axb5 Qd7 17. Bc3 Rxa1 18. Bxa1 Rd8 19. Qg3 f6 20. d4 Bd6 21. Qb3
Qf7 22. Nd2 Re8 23. Qf3 Qg6 24. Bc3 Qc2 25. c5 Bf8 26. Ba5 Qa4 27. Qc3 c6 28.
bxc6 bxc6 29. Ra1 Qb5 30. Nc4 Be6 31. Nd6 Bxd6 32. cxd6 Ra8 33. h3 Kf7 34. Ra3
h6 35. Qe1 Qd5 36. Qb4 Ra7 37. Qb6 Rd7 38. Bb4 Qb5 39. Qc5 Qxc5 40. dxc5 Rb7
41. Bd2 h5 42. Ra8 Bd7 43. Rh8 Rb1+ 44. Kh2 Rd1 45. Be3 Rd5 46. Kg3 Re5 47. Rd8
Ke6 48. Kh4 Rd5 49. Rh8 Kf7 50. Rd8 Ke6 51. f4 f5 52. Kxh5 Rd3 53. Bf2 Rd2 54.
g4 fxg4 55. hxg4 Rxf2 56. f5+ Kf6 57. g5+ 1-0

[Event "ACP Golden Classic"]
[Site "Bergamo ITA"]
[Date "2014.07.17"]
[Round "5"]
[White "Sutovsky, Emil"]
[Black "Nepomniachtchi, Ian"]
[WhiteElo "2620"]
[BlackElo "2730"]
[Result "1/2-1/2"]
[PlyCount "120"]
[EventDate "2014.07.12"]

1. e4 c5 2. Nf3 d6 3. Bb5+ Nd7 4. O-O Ngf6 5. d4 cxd4 6. Qxd4 g6 7. e5 dxe5 8.
Qxe5 Bg7 9. Re1 e6 10. Qd6 Qe7 11. Qxe7+ Kxe7 12. Bd2 Kf8 13. Bb4+ Kg8 14. Nc3
a6 15. Bxd7 Bxd7 16. Rad1 Be8 17. Ne5 b5 18. Be7 h6 19. f4 Ra7 20. Bxf6 Bxf6
21. Ne4 Be7 22. Nd6 Kg7 23. c3 Rc7 24. Re2 Rf8 25. Nxe8+ Rxe8 26. Red2 g5 27.
g3 f6 28. Nf3 Bc5+ 29. Kg2 gxf4 30. gxf4 Be3 31. Rd7+ Rxd7 32. Rxd7+ Kg6 33.
Rd6 Kf5 34. Nd4+ Bxd4 35. Rxd4 Rg8+ 36. Kf3 Rg1 37. a4 Rf1+ 38. Ke3 Kg4 39.
axb5 axb5 40. Rb4 Rf3+ 41. Ke2 Rh3 42. Rxb5 Kxf4 43. Rb4+ Kf5 44. c4 Rxh2+ 45.
Kd3 Rh3+ 46. Kd2 Ke5 47. c5 Rh2+ 48. Kc3 Kd5 49. Rc4 Kc6 50. b4 Rh3+ 51. Kd2
Ra3 52. Rh4 Kb5 53. Rxh6 Kxb4 54. Rxf6 Ra6 55. Kd3 Kxc5 56. Rf4 Ra3+ 57. Ke2
Kd5 58. Rh4 e5 59. Rb4 e4 60. Rb8 Kd4 1/2-1/2

[Event "ACP Golden Classic"]
[Site "Bergamo ITA"]
[Date "2014.07.18"]
[Round "6"]
[White "Almasi, Zoltan"]
[Black "Brunello, Sabino"]
[WhiteElo "2693"]
[BlackElo "2568"]
[Result "1/2-1/2"]
[PlyCount "114"]
[EventDate "2014.07.12"]

1. e4 e5 2. Nf3 Nc6 3. Bb5 Nf6 4. d3 d6 5. O-O Be7 6. c3 O-O 7. Nbd2 Bd7 8. Re1
Re8 9. Nf1 Bf8 10. Bg5 h6 11. Bh4 Be7 12. a4 Nh7 13. Bxe7 Nxe7 14. Bc4 Ng6 15.
Qb3 Be6 16. g3 Rb8 17. h4 Nf6 18. Ne3 c6 19. Bxe6 Rxe6 20. a5 Qd7 21. Qc2 Ree8
22. Kg2 Rbd8 23. b4 d5 24. Rad1 Qe6 25. c4 Rd7 26. Nh2 Red8 27. exd5 cxd5 28.
c5 d4 29. Nc4 Re7 30. Kg1 Qc6 31. Qd2 Re6 32. Rc1 Qd5 33. f3 Qd7 34. Nf1 Qe7
35. Nd6 Nd5 36. h5 Nf8 37. Nf5 Qd7 38. g4 Nh7 39. N1g3 Ng5 40. Rf1 Qa4 41. Rb1
Nh3+ 42. Kh2 Nhf4 43. Ne4 Nc3 44. Rb2 Qb5 45. Rb3 b6 46. axb6 axb6 47. Nfd6
Nxe4 48. fxe4 Rdxd6 49. cxd6 Rxd6 50. Ra3 Kh7 51. Ra8 Rf6 52. Rc1 Rc6 53. Raa1
Rf6 54. Ra8 Rc6 55. Raa1 Rxc1 56. Rxc1 Qd7 57. Kg3 Qe7 1/2-1/2

[Event "ACP Golden Classic"]
[Site "Bergamo ITA"]
[Date "2014.07.18"]
[Round "6"]
[White "Vocaturo, Daniele"]
[Black "Sutovsky, Emil"]
[WhiteElo "2584"]
[BlackElo "2620"]
[Result "0-1"]
[PlyCount "54"]
[EventDate "2014.07.12"]

1. d4 e6 2. c4 Bb4+ 3. Bd2 Qe7 4. g3 Nf6 5. Bg2 Nc6 6. e3 e5 7. d5 Bxd2+ 8.
Qxd2 Nb8 9. Nc3 d6 10. Nge2 Nbd7 11. e4 a5 12. Na4 O-O 13. Nec3 Nc5 14. O-O Bd7
15. Nxc5 dxc5 16. Nd1 a4 17. Ne3 Ne8 18. f4 Nd6 19. f5 b5 20. cxb5 Rfb8 21. f6
gxf6 22. Rf2 Rxb5 23. Raf1 Rab8 24. Rxf6 Rxb2 25. Qc1 Rb1 26. Qc2 R8b2 27. Qd3
Qxf6 0-1

[Event "ACP Golden Classic"]
[Site "Bergamo ITA"]
[Date "2014.07.20"]
[Round "7"]
[White "Brunello, Sabino"]
[Black "So, Wesley"]
[WhiteElo "2568"]
[BlackElo "2744"]
[Result "1/2-1/2"]
[PlyCount "39"]
[EventDate "2014.07.12"]

1. d4 Nf6 2. c4 e6 3. Nf3 d5 4. Nc3 c6 5. e3 Nbd7 6. Qc2 Bd6 7. Be2 dxc4 8.
Bxc4 b5 9. Be2 Bb7 10. O-O O-O 11. Rd1 Qc7 12. e4 e5 13. dxe5 Nxe5 14. Nd4 Bc5
15. h3 Qb6 16. Be3 Rad8 17. Nf5 Bxe3 18. Nxe3 Bc8 19. Rxd8 Rxd8 20. Rd1 1/2-1/2

[Event "ACP Golden Classic"]
[Site "Bergamo ITA"]
[Date "2014.07.20"]
[Round "7"]
[White "Sutovsky, Emil"]
[Black "Almasi, Zoltan"]
[WhiteElo "2620"]
[BlackElo "2693"]
[Result "0-1"]
[PlyCount "80"]
[EventDate "2014.07.12"]

1. e4 e5 2. Nf3 Nc6 3. Bb5 a6 4. Ba4 Nf6 5. O-O Be7 6. Re1 b5 7. Bb3 d6 8. c3
O-O 9. h3 Na5 10. Bc2 c5 11. d4 Qc7 12. Nbd2 cxd4 13. cxd4 Nc6 14. Nb3 a5 15.
Be3 a4 16. Nbd2 Bd7 17. a3 Rac8 18. Bd3 Qb8 19. b4 exd4 20. Nxd4 Ne5 21. Bf1
Qb7 22. f4 Nc4 23. Nxc4 bxc4 24. Nf5 Bxf5 25. exf5 Ne4 26. Bd4 d5 27. Qg4 Bf6
28. Bxf6 Qb6+ 29. Kh2 Nxf6 30. Qf3 d4 31. g4 d3 32. g5 d2 33. Red1 c3 34. gxf6
Qxf6 35. Bd3 c2 36. Bxc2 Rxc2 37. Qe4 Rfc8 38. Rab1 Qh4 39. Qf3 R2c3 40. Qf1
Rg3 0-1

[Event "XIII Open A"]
[Site "Bergamo ITA"]
[Date "2014.07.18"]
[Round "1"]
[White "De Palma, Fabrizio"]
[Black "Dvirnyy, Danyyil"]
[WhiteElo "2096"]
[BlackElo "2529"]
[Result "0-1"]
[PlyCount "108"]
[EventDate "2014.07.18"]

1. c4 e5 2. g3 Nf6 3. Bg2 Nc6 4. Nc3 Bb4 5. Nd5 O-O 6. Nf3 d6 7. O-O Bc5 8. d3
Nxd5 9. cxd5 Nd4 10. e3 Nxf3+ 11. Bxf3 Bh3 12. Bg2 Qd7 13. Bd2 a5 14. Bc3 Bb6
15. e4 Bxg2 16. Kxg2 f5 17. f4 exf4 18. Rxf4 fxe4 19. Qg4 Qxg4 20. Rxg4 Rf7 21.
dxe4 Raf8 22. Rf1 Rf2+ 23. Rxf2 Rxf2+ 24. Kh3 g6 25. e5 dxe5 26. Bxe5 Re2 27.
Bc3 Bg1 28. Rc4 Rxh2+ 29. Kg4 Bb6 30. d6 cxd6 31. Rc8+ Kf7 32. Rb8 Ke6 33. Rxb7
Bd8 34. Rb8 Bc7 35. Rb7 Bd8 36. Rb8 Kd7 37. Ra8 Rh5 38. Kf4 Rf5+ 39. Ke4 h5 40.
Ra7+ Bc7 41. Ra8 Bb6 42. Bd4 Bxd4 43. Kxd4 Rg5 44. Ke4 Rxg3 45. Rxa5 h4 46. b4
Rg4+ 47. Kf3 Rxb4 48. Rg5 Rb2 49. Rxg6 Rxa2 50. Rh6 h3 51. Ke4 h2 52. Kd5 Ke7
53. Rh7+ Kf6 54. Kxd6 Kf5 0-1

[Event "XIII Open A"]
[Site "Bergamo ITA"]
[Date "2014.07.18"]
[Round "1"]
[White "Ficco, Corrado"]
[Black "Wantiez, Fabrice"]
[WhiteElo "2046"]
[BlackElo "2299"]
[Result "0-1"]
[PlyCount "44"]
[EventDate "2014.07.18"]

1. c4 Nf6 2. Nf3 g6 3. Nc3 d5 4. cxd5 Nxd5 5. Qa4+ Bd7 6. Qd4 Nf6 7. Qh4 c5 8.
d4 cxd4 9. Nxd4 Qb6 10. e3 Bg7 11. Be2 O-O 12. O-O Na6 13. b3 Rac8 14. Bb2 Rc5
15. Rac1 Rfc8 16. Ne4 Rxc1 17. Rxc1 Rxc1+ 18. Bxc1 Qa5 19. Bd2 Qxa2 20. Be1 Qb1
21. f3 Nxe4 22. fxe4 Nc5 0-1

[Event "XIII Open A"]
[Site "Bergamo ITA"]
[Date "2014.07.18"]
[Round "1"]
[White "Georgiev, Kiril D."]
[Black "Locatelli, Andrea"]
[WhiteElo "2631"]
[BlackElo "2106"]
[Result "1-0"]
[PlyCount "73"]
[EventDate "2014.07.18"]

1. Nf3 Nf6 2. c4 g6 3. Nc3 Bg7 4. g3 O-O 5. Bg2 d6 6. O-O c5 7. d4 Nc6 8. d5
Na5 9. Nd2 a6 10. Rb1 Rb8 11. b3 h5 12. Bb2 b5 13. Ba1 bxc4 14. bxc4 Rb4 15. a3
Rxb1 16. Qxb1 Ng4 17. Nce4 Bxa1 18. Qxa1 Bd7 19. Rb1 f5 20. Ng5 e5 21. dxe6
Qxg5 22. Bd5 Be8 23. Qc3 Nc6 24. e7+ Rf7 25. Bxc6 Rxe7 26. Bd5+ Kh7 27. Nf3 Qf6
28. Qd2 Ne5 29. Rb6 Nxf3+ 30. Bxf3 Bf7 31. Rxd6 Qa1+ 32. Kg2 Qe5 33. Rb6 Bxc4
34. Qg5 Re6 35. Rb7+ Kg8 36. Qh6 Rf6 37. Qg7# 1-0

[Event "XIII Open A"]
[Site "Bergamo ITA"]
[Date "2014.07.18"]
[Round "1"]
[White "Korneev, Oleg"]
[Black "Kuecher, Wolfgang"]
[WhiteElo "2594"]
[BlackElo "2101"]
[Result "1-0"]
[PlyCount "101"]
[EventDate "2014.07.18"]

1. e4 g6 2. d4 Bg7 3. Nc3 c6 4. Nf3 d5 5. h3 Nh6 6. Bd3 f6 7. O-O O-O 8. Re1
Nf7 9. Bf1 Re8 10. g3 e6 11. Bg2 Nd7 12. a4 f5 13. exf5 exf5 14. Rxe8+ Qxe8 15.
Qe2 Qxe2 16. Nxe2 Nf6 17. a5 Ne4 18. Ne1 Bd7 19. f3 Ned6 20. Nd3 Re8 21. Kf1
Kf8 22. b3 Ke7 23. Ba3 Kd8 24. Bc5 Nc8 25. f4 Nfd6 26. Ne5 Ne4 27. Bxe4 fxe4
28. Kf2 Bf8 29. Ke3 Kc7 30. g4 Bxc5 31. dxc5 Ne7 32. Nd4 Rf8 33. b4 a6 34. h4
Rg8 35. Rg1 Bc8 36. g5 Bf5 37. Nf7 Rf8 38. Nd6 Rg8 39. h5 Bd7 40. Rh1 Nf5+ 41.
N4xf5 gxf5 42. Kd4 Rg7 43. c3 Re7 44. Rh3 Bc8 45. g6 h6 46. Nxc8 Kxc8 47. Rg3
Re8 48. g7 Rg8 49. Ke5 e3 50. Kf6 e2 51. Re3 1-0

[Event "XIII Open A"]
[Site "Bergamo ITA"]
[Date "2014.07.18"]
[Round "1"]
[White "Lagumina, Giulio"]
[Black "Messina, Roberta"]
[WhiteElo "2337"]
[BlackElo "2057"]
[Result "1-0"]
[PlyCount "53"]
[EventDate "2014.07.18"]

1. e4 c5 2. Nf3 d6 3. Bb5+ Bd7 4. Bxd7+ Qxd7 5. O-O Nf6 6. Re1 Nc6 7. c3 e6 8.
d4 cxd4 9. cxd4 d5 10. e5 Ne4 11. Nbd2 Nxd2 12. Bxd2 Be7 13. Rc1 Rc8 14. Rc3
O-O 15. a3 Nb8 16. Rd3 Rc7 17. Ng5 h6 18. Nh3 Rfc8 19. Qh5 Bf8 20. Bxh6 g6 21.
Qh4 Qd8 22. Bg5 Rc1 23. Rdd1 Rxd1 24. Rxd1 Qc7 25. Bf6 Bg7 26. Ng5 Kf8 27. Qh7
1-0

[Event "XIII Open A"]
[Site "Bergamo ITA"]
[Date "2014.07.18"]
[Round "1"]
[White "Movileanu, Daniela"]
[Black "Hamitevici, Vladimir"]
[WhiteElo "2087"]
[BlackElo "2457"]
[Result "0-1"]
[PlyCount "88"]
[EventDate "2014.07.18"]

1. e4 c6 2. d4 d5 3. e5 Bf5 4. Nf3 e6 5. Be2 Ne7 6. O-O h6 7. Nbd2 Nd7 8. Nb3
Bg6 9. a4 Nf5 10. a5 a6 11. Re1 Be7 12. Bd2 c5 13. c4 dxc4 14. Bxc4 Nxd4 15.
Nfxd4 cxd4 16. Nxd4 O-O 17. Bc3 Nc5 18. Qg4 h5 19. Qf3 Rc8 20. Nb3 Qc7 21. Nxc5
Bxc5 22. Bb3 Rfd8 23. Red1 Qe7 24. Rxd8+ Rxd8 25. Rd1 Rxd1+ 26. Qxd1 Qh4 27.
Qf3 Be4 28. Qg3 Qd8 29. h3 g5 30. Kh2 Kh7 31. h4 g4 32. Kg1 Kg7 33. Qf4 Qxh4
34. Bd2 Bg6 35. g3 Qe7 36. Bc4 Kg8 37. Ba2 Qd8 38. Qh6 Qd4 39. Be3 Qd1+ 40. Kh2
Bxe3 41. Qxe3 Qa4 42. Bb3 Qxa5 43. Qd4 Qb5 44. Qd8+ Kh7 0-1

[Event "XIII Open A"]
[Site "Bergamo ITA"]
[Date "2014.07.18"]
[Round "1"]
[White "Rombaldoni, Axel"]
[Black "Campini, Marco"]
[WhiteElo "2505"]
[BlackElo "2087"]
[Result "1-0"]
[PlyCount "59"]
[EventDate "2014.07.18"]

1. d4 d5 2. c4 e6 3. Nf3 Be7 4. g3 Nf6 5. Bg2 O-O 6. O-O b6 7. Nc3 Bb7 8. Bf4
Nbd7 9. Qc2 Nh5 10. cxd5 Nxf4 11. gxf4 exd5 12. Rfd1 Re8 13. Rac1 Nf8 14. Ne5
Ne6 15. e3 c6 16. Ne2 c5 17. dxc5 bxc5 18. Nc3 Nc7 19. Nxd5 Nxd5 20. Qc4 Rf8
21. Bxd5 Bxd5 22. Rxd5 Qb6 23. Rd7 Rae8 24. Rcd1 a5 25. b3 Qf6 26. Qd5 Rd8 27.
Qc6 g5 28. Qxf6 Bxf6 29. Ng4 Be7 30. Nh6+ 1-0

[Event "XIII Open A"]
[Site "Bergamo ITA"]
[Date "2014.07.18"]
[Round "1"]
[White "Solomon, Kenny"]
[Black "Migliorini, Matteo"]
[WhiteElo "2376"]
[BlackElo "2082"]
[Result "1-0"]
[PlyCount "113"]
[EventDate "2014.07.18"]

1. d4 Nf6 2. c4 g6 3. Nc3 d5 4. cxd5 Nxd5 5. Bd2 Nb6 6. Nf3 Bg7 7. e4 Bg4 8.
Be3 Nc6 9. e5 O-O 10. Be2 Qd7 11. h3 Bxf3 12. Bxf3 Rad8 13. Ne2 Nc4 14. O-O Nb4
15. Qb3 Nxe3 16. fxe3 Nd5 17. Qxb7 Nxe3 18. Rfc1 Rb8 19. Qxc7 Qf5 20. Rc3 Bh6
21. b3 Rbc8 22. Qa5 Nc2 23. Rd1 Rxc3 24. Qxc3 Rc8 25. Bg4 Rxc3 26. Bxf5 Re3 27.
Bd3 Nb4 28. Bc4 Nxa2 29. Ra1 Nb4 30. Rxa7 e6 31. Kf1 Nd5 32. Bxd5 exd5 33. Rd7
Rxb3 34. Rxd5 Be3 35. g3 Kf8 36. Rc5 Ke7 37. Kg2 Rb4 38. Rd5 Rb3 39. g4 h6 40.
Rd6 Rd3 41. h4 Bd2 42. Ra6 Be1 43. h5 gxh5 44. gxh5 Bd2 45. Ng3 Be3 46. Nf5+
Kd7 47. Nxe3 Rxe3 48. Rxh6 Ke7 49. Rd6 Kf8 50. h6 Kg8 51. Kf2 Rh3 52. Ke2 Kf8
53. Rd8+ Ke7 54. Rh8 Ke6 55. h7 Ke7 56. e6 Rh6 57. exf7 1-0

[Event "XIII Open A"]
[Site "Bergamo ITA"]
[Date "2014.07.18"]
[Round "1"]
[White "Spiesberger, Gerhard"]
[Black "Ivanisevic, Ivan"]
[WhiteElo "2102"]
[BlackElo "2608"]
[Result "0-1"]
[PlyCount "106"]
[EventDate "2014.07.18"]

1. e4 c5 2. c3 d5 3. exd5 Qxd5 4. d4 Nc6 5. Nf3 Bf5 6. Bb5 cxd4 7. Bxc6+ bxc6
8. Qxd4 f6 9. O-O e5 10. Re1 Bd6 11. Nbd2 Ne7 12. Qa4 Bc7 13. Ne4 O-O 14. Ng3
Be6 15. Be3 Rfd8 16. Rad1 Qxa2 17. Rxd8+ Rxd8 18. Qxa7 Qxa7 19. Bxa7 Nd5 20.
Be3 Ra8 21. Rc1 Ra2 22. Rc2 Ba5 23. Ne1 Bg4 24. h3 Bd1 25. Rc1 Bb3 26. Rb1 g6
27. Ne2 Nxe3 28. Nc1 Nc2 29. Nxb3 Nxe1 30. Nxa5 Rxa5 31. Rxe1 Kf7 32. Kf1 Ke6
33. Ke2 f5 34. Kd3 e4+ 35. Ke3 Ra2 36. Re2 Ke5 37. f4+ Ke6 38. Kd4 Kd6 39. Rd2
Ra1 40. Ke3+ Kc7 41. g4 Rf1 42. gxf5 gxf5 43. Rg2 Rf3+ 44. Kd4 Kd6 45. Rg7 c5+
46. Kc4 Rxf4 47. Rxh7 Rf1 48. h4 e3 49. Kd3 f4 50. Rf7 c4+ 51. Ke2 Rf2+ 52. Ke1
Ke5 53. Rc7 Ke4 0-1

[Event "XIII Open A"]
[Site "Bergamo ITA"]
[Date "2014.07.18"]
[Round "1"]
[White "Ventura, Salvatore"]
[Black "Aghayev, Miragha"]
[WhiteElo "2064"]
[BlackElo "2364"]
[Result "0-1"]
[PlyCount "118"]
[EventDate "2014.07.18"]

1. c4 Nf6 2. g3 c5 3. Bg2 d5 4. cxd5 Nxd5 5. Nc3 Nc7 6. Nf3 Nc6 7. O-O e5 8. a3
Rb8 9. Rb1 f6 10. Ne1 Bd7 11. Nc2 Be7 12. b4 O-O 13. b5 Nd4 14. a4 Be6 15. Na3
c4 16. b6 axb6 17. Rxb6 Nd5 18. Rxe6 Nxc3 19. dxc3 Nxe6 20. Bd5 Qc8 21. Nxc4
Kh8 22. Nb6 Qc7 23. Qb3 Nc5 24. Qb5 Rfd8 25. e4 Na6 26. c4 Bc5 27. a5 Qe7 28.
Na4 Bd4 29. Bd2 f5 30. exf5 Nc7 31. Qb3 Nxd5 32. cxd5 Qd7 33. Nb6 Bxb6 34. Qxb6
Qxd5 35. Bg5 Rd6 36. Qc7 Re8 37. Rb1 Rd7 38. Qb6 Kg8 39. h4 h6 40. Be3 Qf7 41.
Qg6 h5 42. Qg5 Ra8 43. Rb6 Rd1+ 44. Kg2 Qc4 45. f6 Qf1+ 46. Kf3 Qh1+ 47. Ke2
Qf1+ 48. Kf3 Qh1+ 49. Ke2 Re1+ 50. Kd2 Rd1+ 51. Ke2 Re1+ 52. Kd2 Rd8+ 53. Kc2
Rc8+ 54. Kd2 Rd1+ 55. Ke2 Rc2+ 56. Bd2 Rcxd2+ 57. Qxd2 Qf1+ 58. Ke3 Rxd2 59.
Kxd2 Qxf2+ 0-1

[Event "XIII Open A"]
[Site "Bergamo ITA"]
[Date "2014.07.18"]
[Round "2"]
[White "Aghayev, Miragha"]
[Black "Spornberger, Andre"]
[WhiteElo "2364"]
[BlackElo "2115"]
[Result "1-0"]
[PlyCount "69"]
[EventDate "2014.07.18"]

1. e4 e6 2. d4 d5 3. Nd2 Nf6 4. e5 Nfd7 5. Bd3 c5 6. c3 Nc6 7. Ne2 cxd4 8. cxd4
f6 9. exf6 Nxf6 10. Nf3 Bd6 11. O-O O-O 12. Bf4 Nh5 13. Bxd6 Qxd6 14. Bb5 Bd7
15. Bxc6 Bxc6 16. Ne5 Nf4 17. Nxf4 Rxf4 18. Qd2 Raf8 19. g3 R4f6 20. Qa5 b6 21.
Qa6 Be8 22. a3 Qe7 23. Rac1 Bg6 24. Rc8 Be4 25. f3 Rxc8 26. Qxc8+ Rf8 27. Qc1
Bf5 28. Re1 Qb7 29. Qe3 Re8 30. Rc1 Qa6 31. g4 Bg6 32. Rc7 Qa4 33. Kg2 Qb5 34.
Nxg6 hxg6 35. Qe5 1-0

[Event "XIII Open A"]
[Site "Bergamo ITA"]
[Date "2014.07.18"]
[Round "2"]
[White "Allaert, Dimitri"]
[Black "Lagumina, Giulio"]
[WhiteElo "2136"]
[BlackElo "2337"]
[Result "1-0"]
[PlyCount "87"]
[EventDate "2014.07.18"]

1. Nf3 Nf6 2. d4 e6 3. Bf4 c5 4. e3 Nc6 5. Nc3 cxd4 6. exd4 Bb4 7. Bd3 O-O 8.
O-O d5 9. h3 Bd6 10. Bxd6 Qxd6 11. Re1 a6 12. a4 Bd7 13. Na2 Rfc8 14. c3 Na5
15. Ne5 Nc4 16. Qc2 Qc7 17. Nc1 Be8 18. Nb3 a5 19. g4 g6 20. g5 Nxe5 21. dxe5
Nd7 22. Qe2 Nc5 23. Nd4 Bxa4 24. Nf3 Qe7 25. h4 Bc6 26. Nh2 h5 27. Bc2 b5 28.
Nf1 b4 29. Ng3 Kg7 30. cxb4 axb4 31. Rxa8 Bxa8 32. Qd2 Qb7 33. Qf4 Nd7 34. Bd3
b3 35. Kh2 Qc7 36. Bb5 Nf8 37. Bd3 Nd7 38. Bb5 d4 39. Bxd7 Qxd7 40. Qf6+ Kg8
41. Nxh5 gxh5 42. g6 fxg6 43. Qxg6+ Kh8 44. Rg1 1-0

[Event "XIII Open A"]
[Site "Bergamo ITA"]
[Date "2014.07.18"]
[Round "2"]
[White "Capone, Nicola"]
[Black "Korneev, Oleg"]
[WhiteElo "2231"]
[BlackElo "2594"]
[Result "0-1"]
[PlyCount "82"]
[EventDate "2014.07.18"]

1. e4 e5 2. Nf3 Nc6 3. Bc4 Bc5 4. c3 Nf6 5. d3 a6 6. O-O Ba7 7. Qe2 d6 8. Bb3
h6 9. Rd1 O-O 10. h3 Re8 11. Nbd2 Nh5 12. Nf1 Qf6 13. N3h2 Nf4 14. Qf3 Ne7 15.
Bxf4 Qxf4 16. Ne3 Qxf3 17. Nxf3 Bd7 18. Kf1 Ng6 19. Ng1 Rad8 20. g3 c6 21. Ke2
Bc8 22. Rf1 Re7 23. a4 Red7 24. Rad1 d5 25. h4 Rd6 26. f3 h5 27. Bc2 a5 28. Nf5
Rf6 29. d4 Re8 30. Kd2 exd4 31. Nxd4 Rd6 32. exd5 Rxd5 33. Be4 Bxd4 34. Bxd5
Bxg1 35. Bxf7+ Kxf7 36. Rxg1 Ne5 37. Rdf1 Nc4+ 38. Kc1 Re2 39. b3 Ne3 40. Re1
Rc2+ 41. Kb1 Rxc3 0-1

[Event "XIII Open A"]
[Site "Bergamo ITA"]
[Date "2014.07.18"]
[Round "2"]
[White "Cattaneo, Marco"]
[Black "Solomon, Kenny"]
[WhiteElo "2141"]
[BlackElo "2376"]
[Result "1-0"]
[PlyCount "71"]
[EventDate "2014.07.18"]

1. d4 d6 2. Nf3 Bg4 3. c4 g6 4. Nc3 Bg7 5. g3 Qc8 6. Bg2 Nf6 7. h3 Bd7 8. Bg5
h6 9. Be3 O-O 10. Qd2 Kh7 11. Nh2 Nc6 12. g4 e5 13. d5 Nd4 14. f4 c6 15. g5
hxg5 16. fxg5 Nh5 17. Ng4 b5 18. cxb5 cxb5 19. Bxd4 exd4 20. Ne4 Qd8 21. O-O
Bf5 22. Rxf5 gxf5 23. Nef6+ Kg6 24. Rf1 Rh8 25. Qd3 Qc8 26. Be4 Nf4 27. Rxf4
fxe4 28. Nxe4 Qc4 29. Qf3 f5 30. gxf6 Qc1+ 31. Kg2 Bf8 32. Ne5+ dxe5 33. Qg4+
Kf7 34. Qd7+ Kg6 35. Rg4+ Kh6 36. Qf7 1-0

[Event "XIII Open A"]
[Site "Bergamo ITA"]
[Date "2014.07.18"]
[Round "2"]
[White "Dimitrijevic, Aleksandra"]
[Black "Georgiev, Kiril D."]
[WhiteElo "2275"]
[BlackElo "2631"]
[Result "1/2-1/2"]
[PlyCount "87"]
[EventDate "2014.07.18"]

1. d4 Nf6 2. Nf3 e6 3. g3 b5 4. Bg2 d5 5. O-O Be7 6. b3 Bb7 7. c4 dxc4 8. a4 b4
9. bxc4 O-O 10. a5 c5 11. e3 Nbd7 12. Nbd2 Qc7 13. a6 Bc6 14. Bb2 Rfd8 15. Qe2
Rac8 16. Nb3 Be4 17. Ra5 cxd4 18. Bxd4 Bxf3 19. Bxf3 e5 20. Ba1 Nc5 21. Nxc5
Qxa5 22. Nb7 Qxa6 23. Nxd8 Bxd8 24. Bxe5 Qxc4 25. Qb2 a5 26. Bb7 Rc5 27. Bd6
Qc2 28. Qd4 Rb5 29. Bxb4 Bb6 30. Qc3 Qxc3 31. Bxc3 Bxe3 32. Ba6 Rb6 33. Be2 Ne4
34. Bxa5 Rb2 35. Rd1 h6 36. Rd8+ Kh7 37. Bd3 Bxf2+ 38. Kf1 f5 39. Rf8 Bb6 40.
Rxf5 g6 41. Re5 Nd2+ 42. Bxd2 Rxd2 43. Re7+ Kg8 44. Bxg6 1/2-1/2

[Event "XIII Open A"]
[Site "Bergamo ITA"]
[Date "2014.07.18"]
[Round "2"]
[White "Dvirnyy, Danyyil"]
[Black "Siclari, Giovanni"]
[WhiteElo "2529"]
[BlackElo "2143"]
[Result "1-0"]
[PlyCount "57"]
[EventDate "2014.07.18"]

1. d4 Nf6 2. c4 e6 3. Nc3 Bb4 4. f3 O-O 5. a3 Bxc3+ 6. bxc3 Ne8 7. e4 b6 8. Bd3
Nc6 9. Nh3 Ba6 10. O-O Na5 11. Qe2 d5 12. cxd5 Bxd3 13. Qxd3 exd5 14. Nf4 c6
15. Ra2 Qd7 16. g4 Nc7 17. Rg2 Nc4 18. Nh5 f6 19. Ng3 Nb5 20. g5 Nbd6 21. gxf6
gxf6 22. Bh6 Kh8 23. Bxf8 Rxf8 24. Kh1 Qh3 25. Rfg1 Re8 26. Qe2 f5 27. Nxf5
dxe4 28. Nxd6 Nxd6 29. fxe4 1-0

[Event "XIII Open A"]
[Site "Bergamo ITA"]
[Date "2014.07.18"]
[Round "2"]
[White "Hamitevici, Vladimir"]
[Black "Steil-Antoni, Fiona"]
[WhiteElo "2457"]
[BlackElo "2135"]
[Result "1-0"]
[PlyCount "119"]
[EventDate "2014.07.18"]

1. b3 d5 2. Bb2 Bg4 3. h3 Bh5 4. d3 e6 5. g3 f5 6. Bg2 Nf6 7. Nf3 Be7 8. c4 c6
9. Nbd2 Nbd7 10. Qc2 O-O 11. O-O h6 12. e4 fxe4 13. dxe4 Nc5 14. exd5 exd5 15.
g4 Bf7 16. Ne5 dxc4 17. Nxf7 Rxf7 18. Nxc4 Qd3 19. Qc1 Nfd7 20. Qe1 Bf6 21. Rd1
Qg6 22. Bxf6 Qxf6 23. Nd6 Re7 24. Qb4 a5 25. Qc4+ Kh8 26. a3 Ne6 27. Nf5 Rf7
28. Rd6 Re8 29. Re1 Ndf8 30. f4 Rd7 31. Rxd7 Nxd7 32. Nd6 Re7 33. Nxb7 Nxf4 34.
Rxe7 Nxh3+ 35. Bxh3 Qxe7 36. Bf1 Qe3+ 37. Kh1 Ne5 38. Qe2 Qf4 39. Nd6 Ng6 40.
Nc4 h5 41. gxh5 Qh4+ 42. Kg1 Nf4 43. Qe8+ Kh7 44. Bd3+ Nxd3 45. Qg6+ Kh8 46.
Qe8+ Kh7 47. Qg6+ Kh8 48. Qxd3 Qxh5 49. a4 Qg5+ 50. Kf2 Qf6+ 51. Qf3 Qd4+ 52.
Qe3 Qh4+ 53. Qg3 Qd4+ 54. Ke2 Qe4+ 55. Kd2 Qd5+ 56. Kc3 Qd1 57. Qh2+ Kg8 58.
Kb2 g5 59. Qd2 Qxd2+ 60. Nxd2 1-0

[Event "XIII Open A"]
[Site "Bergamo ITA"]
[Date "2014.07.18"]
[Round "2"]
[White "Herman, Jean"]
[Black "Rombaldoni, Axel"]
[WhiteElo "2218"]
[BlackElo "2505"]
[Result "0-1"]
[PlyCount "68"]
[EventDate "2014.07.18"]

1. d4 e6 2. Nf3 c5 3. e3 Nf6 4. c4 b6 5. Be2 Bb7 6. O-O d6 7. Nc3 Nbd7 8. b3 a6
9. Bb2 Be7 10. Qc2 O-O 11. Rad1 Rc8 12. Ng5 h6 13. Bf3 d5 14. Nh3 cxd4 15. exd4
Qc7 16. Nb1 g5 17. Qe2 dxc4 18. Bxb7 Qxb7 19. bxc4 Qe4 20. Qxe4 Nxe4 21. Rfe1
Nd6 22. c5 bxc5 23. d5 e5 24. f4 e4 25. fxg5 hxg5 26. Nd2 f5 27. g4 c4 28. Ba3
c3 29. Nb3 Ne5 30. Nxg5 c2 31. Rc1 Bxg5 32. Bxd6 Nf3+ 33. Kf1 Nxe1 34. Rxe1
Rfd8 0-1

[Event "XIII Open A"]
[Site "Bergamo ITA"]
[Date "2014.07.18"]
[Round "2"]
[White "Ivanisevic, Ivan"]
[Black "Player, Edmund C."]
[WhiteElo "2608"]
[BlackElo "2249"]
[Result "1-0"]
[PlyCount "61"]
[EventDate "2014.07.18"]

1. d4 d5 2. c4 dxc4 3. e4 Nf6 4. e5 Nd5 5. Bxc4 Nb6 6. Bd3 Nc6 7. Ne2 g6 8.
Nbc3 Nb4 9. Be4 c6 10. O-O Bg7 11. Nf4 O-O 12. h4 N4d5 13. h5 Nxf4 14. Bxf4 Re8
15. d5 cxd5 16. Nxd5 Nxd5 17. Bxd5 Qb6 18. Qe2 e6 19. Be4 Bd7 20. Rfd1 Bc6 21.
Rd6 Rac8 22. Rad1 Qa5 23. Bxc6 Rxc6 24. Rd7 Rc7 25. Qf3 Rxd7 26. Rxd7 Qxa2 27.
h6 Bf8 28. Bc1 Re7 29. Rd8 Qb1 30. Qc3 a6 31. Qc8 1-0

[Event "XIII Open A"]
[Site "Bergamo ITA"]
[Date "2014.07.18"]
[Round "2"]
[White "Wantiez, Fabrice"]
[Black "Markocic, Tine"]
[WhiteElo "2299"]
[BlackElo "1926"]
[Result "1-0"]
[PlyCount "37"]
[EventDate "2014.07.18"]

1. e4 c5 2. Nf3 e6 3. d4 cxd4 4. Nxd4 a6 5. Nc3 Qc7 6. g3 b5 7. Bg2 Bb7 8. O-O
Nc6 9. Re1 d6 10. a4 b4 11. Nd5 Qa5 12. Bd2 Nxd4 13. Bxb4 Qd8 14. Qxd4 exd5 15.
e5 dxe5 16. Rxe5+ Be7 17. Rae1 Kf8 18. Rxe7 Nxe7 19. Bxe7+ 1-0

[Event "XIII Open A"]
[Site "Bergamo ITA"]
[Date "2014.07.19"]
[Round "3"]
[White "Aghayev, Miragha"]
[Black "Ivanisevic, Ivan"]
[WhiteElo "2364"]
[BlackElo "2608"]
[Result "0-1"]
[PlyCount "54"]
[EventDate "2014.07.18"]

1. e4 c5 2. Nf3 Nc6 3. d4 cxd4 4. Nxd4 Qb6 5. Nb3 Nf6 6. Nc3 e6 7. Be3 Qc7 8.
a3 a6 9. f4 d6 10. Be2 b5 11. O-O Be7 12. g4 h6 13. h4 Nd7 14. g5 hxg5 15. hxg5
g6 16. Nd4 Bb7 17. Bg4 Nxd4 18. Qxd4 Rh4 19. Qd1 O-O-O 20. Bf2 Rh7 21. Qd2 d5
22. exd5 Bxg5 23. Bd4 Rh4 24. Qg2 Bxf4 25. Rad1 Bh2+ 26. Kf2 Qf4+ 27. Bf3 Bg3+
0-1